000 00851cam a22002654a 4500
001 11941196
003 OSt
005 20170217154344.0
008 000314s2000 iaua b 000 0 eng
010 _a 00551961
020 _a9780470734667
040 _aDLC
_cDLC
_dDLC
042 _apcc
050 0 0 _aHF1017
_b.G37 2009
082 0 0 _a330/.07/27
_221
100 1 _aDavidson,Jeff
245 1 0 _aEconomics and business statistics /
_cJeff,Davidson.
260 _aJohn Wiley & sons :
_bHoboken,
_c2009.
300 _a602p. :
_bill. ;
_c23 cm.
504 _aIncludes bibliographical references.
650 0 _aCommercial statistics.
906 _a7
_bcbc
_corignew
_d3
_encip
_f20
_gy-gencatlg
942 _2lcc
_cBK
999 _c48795
_d48795